[Event "CAN-ch U12 Girls"]
[Site "Vancouver"]
[Date "2012.07.04"]
[Round "5"]
[White "De, Mila"]
[Black "Saul, Jaime"]
[Result "1-0"]
[WhiteElo "985"]
[BlackElo "638"]
[PlyCount "123"]
[EventDate "2012.07.03"]
[EventType "swiss"]
[EventRounds "7"]
[EventCountry "CAN"]
[SourceTitle "EXT 2022"]
[Source "ChessBase"]
[SourceDate "2021.10.06"]
[SourceVersion "1"]
[SourceVersionDate "2021.10.06"]
[SourceQuality "1"]

1. e4 e5 2. Nf3 f6 3. Nc3 c6 4. d3 b5 5. Be3 a6 6. g3 a5 7. Bg2 a4 8. b3 Na6 9. 0-0 Nc7 10. bxa4 bxa4 11. Rb1 d5 12. d4 Ba6 13. Re1 Bc8 14. dxe5 dxe4 15. Qxd8+ Kxd8 16. Nxe4 Bb4 17. Rxb4 fxe5 18. Nxe5 Nd5 19. Rd1 Ke8 20. Rbd4 Ngf6 21. Nd6+ Kf8 22. Nxc8 Rxc8 23. c4 Ne7 24. Bg5 Ng6 25. Bxf6 gxf6 26. Nxg6+ hxg6 27. Rd8+ Kg7 28. Rxh8 Rxh8 29. Bxc6 Rc8 30. Rd6 Rb8 31. Bxa4 Rb1+ 32. Kg2 Ra1 33. Bb3 Re1 34. Rd7+ Kh6 35. a4 Rb1 36. Rb7 f5 37. h4 g5 38. hxg5+ Kxg5 39. Kf3 Rd1 40. Rb5 Rd3+ 41. Ke2 Rd4 42. Ke3 Rg4 43. f4+ Kh5 44. Rxf5+ Kh6 45. Kf3 Rg6 46. c5 Kh7 47. Bf7 Ra6 48. g4 Rxa4 49. g5 Ra3+ 50. Kg4 Kg7 51. Kh5 Ra7 52. c6 Rxf7 53. Rxf7+ Kxf7 54. g6+ Kf8 55. f5 Ke7 56. g7 Kf7 57. c7 Kxg7 58. c8Q Kf7 59. Qc6 Kf8 60. Qc7 Kg8 61. Kg6 Kf8 62. Qf7# 1-0